Регионална библиотека "Любен Каравелов" - Русе

Антология на световната любовна лирика (Запис номер 156604)

MARC детайли
000 -Лидер
Контролно поле с фиксирана дължина 03165nam a2200397 c 4500
003 - Код на организацията, давaща контролен номер
Контролно поле BLK
005 - Дата и час на последна редакция
Контролно поле 20241206005451.0
008 - Елементи от данни с фиксирана дължина
fixed length control field 180410b bul|||||r ||||||| ||bul||
010 ## - Наследен системен номер
LC control number KNG00163445000
040 ## - Източник на каталожния запис
Идентификатор на билиотеката - собственик на записа BLK
041 ## - Код за език
Код за езика на текст/звукозапис или на отделно заглавие Български
Код за езика КДБФ Български
080 ## - УДК
Текстов определител УДК Литература на отделни езици и езикови семейства
УДК код - определител по УДК 821
УДК определител -1(082.2)
УДК - код + определител 821-1(082.2)
080 ## - УДК
Текстов определител УДК Българска литература
УДК код - определител по УДК 821.163.2
УДК определител -1(082.2)
УДК - код + определител 821.163.2-1(082.2)
080 ## - УДК
Текстов определител УДК Руска литература
УДК код - определител по УДК 821.161.1
УДК определител -1(082.2)
УДК - код + определител 821.161.1-1(082.2)
139 ## - Редно поле
Редна дума Антология на световната любовна лирика
Авторски знак Анто - А 75
245 10 - Сведения за заглавието
Заглавие Антология на световната любовна лирика
Редно поле (дума) състав., ред. Владимир Свинтила и др. ; рис. от Пабло Пикасо и др. ; прев. от Григор Ленков и др
257 ## - Страна на издаване
Страна на създаване/издаване Сборници - Свят
260 ## - Област на издателските данни
Име на издателя, разпространителя и проч. Нар. младеж
Година на издаване 1967
Място на издаване, разпространение и проч. София
300 ## - Физическа характеристика
Страници 367 с.
Илюстрации и др. с ил.
Размери/Мащаб 22 см
380 ## - Жанр
Жанр Худож. лит.
500 ## - Общи забележки
Забележка Други сътав., ред. : Л. Любенов, Гр. Ленков ; Други ил. : А. Матис, Т. Кулисйевич, И. Ненов ; Други прев. : Л. Любенов, В. Свинтила, Г Батаклиев, Б. Георгиев, И. Пауновски, И. Теофилов, Х. Черняев, С. Бакърджиев, А. Славов, Д. Боляров, Н. Бояджиев, П. Симов, А. Шурбанов, Др. Петров, Г. Мицков, А. Янакиева, Г. Джагаров, Г. Михайлов, Б. Димитрова, А. Стоянов, А. Германов, К. Станишев, А. Далчев, Ч. Шишманов, С. Чавдаров, Ц. Стоянов, Д. Стоевски, П. Стефанов, Н. Николов, И. Коларов, Й. Ковачев, Ел. Багряна, Н. Христозов, Н. Джеров, Г. Крумов, Н. Лилиев, В. Ханчев, В. Петров, А. Муратов, Н. Вълчев, Н. Йорданов, И. Давидков, В. Раковски, Д. Стефанов, С. Хр. Караславов ; Валери Петров - псевд. на прев. Валери Нисим Меворах, а Ел. Багряна - псевд. на прев. Елисавета Любомирова Белчева<br/>20 100 тир
700 1# - Други автори (авторска отговорност)
Лично име Свинтила, Владимир
Друга информация Николов, Владимир Георгиев
9 (RLIN) 364072
700 1# - Други автори (авторска отговорност)
Лично име Любенов, Любен
Автороска отговорност (Описва отношението между автора и произведението) състав. и ред.
Друга информация Прангов, Любен Георгиев
9 (RLIN) 363992
700 1# - Други автори (авторска отговорност)
Лично име Ленков, Григор
Автороска отговорност (Описва отношението между автора и произведението) състав. и ред.
9 (RLIN) 376821
700 ## - Други автори (авторска отговорност)
Лично име Багряна, Елисавета
Дати, свързани с автора 1893-1991
Пълна форма на името Белчева, Елисавета Любомирова
9 (RLIN) 364149
700 1# - Други автори (авторска отговорност)
Лично име Пикасо, Пабло
Автороска отговорност (Описва отношението между автора и произведението) рис.
9 (RLIN) 370414
852 ## - Местоположение
Форматна сигнатура Цб 42918
Фондова буква Хранилище
856 4# - Електронен адрес и достъп
Електронен формат pdf - файл
856 4# - Електронен адрес и достъп
Електронен формат pdf - файл
999 ## - СИСТЕМНИ КОНТРОЛНИ НОМЕРА
Koha biblionumber 156604
Koha biblioitemnumber 156604
942 ## - АРТИКУЛИ
Вид на библиотечния материал Книги
Скрит в OPAC Не
Периодичен библиозапис Да
944 ## - СЪЗДАВАНЕ И РЕДАКЦИЯ на ЗАПИСА
Създаване/Редакция Създаване
Дата на регистрацията/редакция 22.07.2014
Служител, извършил регистрацията/редакцията
Статус, дата на статуса CRON CRON
944 ## - СЪЗДАВАНЕ И РЕДАКЦИЯ на ЗАПИСА
Създаване/Редакция Редакция
Дата на регистрацията/редакция 23.07.2014
944 ## - СЪЗДАВАНЕ И РЕДАКЦИЯ на ЗАПИСА
Създаване/Редакция Редакция
Дата на регистрацията/редакция 2022-06-10
999 ## - СИСТЕМНИ КОНТРОЛНИ НОМЕРА
Koha biblioitemnumber 156604
999 ## - СИСТЕМНИ КОНТРОЛНИ НОМЕРА
Koha biblioitemnumber 156604
Наличности
Код за отписване Код за изгубен артикул Източник на класификационната схема Код за повреда Коз за рестрикции Код за отдаване Артикулен № Име на библиотеката - собственик Име на библиотеката, в която се намира в момента Статус (Текущо местоположение) Дата на вписване в системата Местоположение - отдел Цена в лева Инвентарен номер Систематично азбучна сигнатура Баркод Номер на екземпляра Цена в евро Служебна бележка Служебен тип на артикула
  Не е изгубен Universal Decimal Classification Не е повреден без рестрикции ползва се в читалня 262385 Регионална библиотека "Любен Каравелов" Русе Регионална библиотека "Любен Каравелов" Русе Хранилище 2000-01-01 Хранилище 3.05 17049/67 Цб 42918 900000099369 1 1.56 Дост: Dp Вид: Д N: стар фонд Дата: 01.01.2000 Книги
Изтеглен Не е изгубен Universal Decimal Classification Не е повреден без рестрикции заемане за дома 262386 Регионална библиотека "Любен Каравелов" Русе Регионална библиотека "Любен Каравелов" Русе Заемна - подръчен фонд 2000-01-01 Заемна - подръчен фонд 0.00 16880/67 П/886.7-1/С 26 16880/67 2 0.00 Дост: Pk Вид: Ф N: стар фонд Дата: 01.01.2000 Книги
Изтеглен Не е изгубен Universal Decimal Classification Не е повреден без рестрикции заемане за дома 262387 Регионална библиотека "Любен Каравелов" Русе Регионална библиотека "Любен Каравелов" Русе Заемна - подръчен фонд 1967-01-01 Заемна - подръчен фонд 0.00 16882/67 П/886.7-1/С 26 16882/67 3 0.00 Дост: Pk Вид: Ф N: стар фонд Дата: 01.01.1967 Книги
Изтеглен Не е изгубен Universal Decimal Classification Не е повреден без рестрикции заемане за дома 262388 Регионална библиотека "Любен Каравелов" Русе Регионална библиотека "Любен Каравелов" Русе Заемна - подръчен фонд 1967-01-01 Заемна - подръчен фонд 0.00 16871/67 П/886.7-1/С 26 16871/67 4 0.00 Дост: Pk Вид: Ф N: стар фонд Дата: 01.01.1967 Книги
Изтеглен Не е изгубен Universal Decimal Classification Не е повреден без рестрикции заемане за дома 262389 Регионална библиотека "Любен Каравелов" Русе Регионална библиотека "Любен Каравелов" Русе Заемна - подръчен фонд 1967-01-01 Заемна - подръчен фонд 0.00 16873/67 П/886.7-1/С 26 16873/67 5 0.00 Дост: Pk Вид: Ф N: стар фонд Дата: 01.01.1967 Книги
Изтеглен Не е изгубен Universal Decimal Classification Не е повреден без рестрикции заемане за дома 262390 Регионална библиотека "Любен Каравелов" Русе Регионална библиотека "Любен Каравелов" Русе Заемна - подръчен фонд 1967-01-01 Заемна - подръчен фонд 0.00 16876/67 П/886.7-1/С 26 16876/67 6 0.00 Дост: Pk Вид: Ф N: стар фонд Дата: 01.01.1967 Книги
Изтеглен Не е изгубен Universal Decimal Classification Не е повреден без рестрикции заемане за дома 262391 Регионална библиотека "Любен Каравелов" Русе Регионална библиотека "Любен Каравелов" Русе Заемна - подръчен фонд 1967-01-01 Заемна - подръчен фонд 0.00 16879/67 П 886.7-1/С 26 16879/67 7 0.00 Дост: Pk Вид: Ф N: стар фонд Дата: 01.01.1967 Книги
Vip Innovations Ltd, Rousse, Bulgaria 2025